[Event "Madrid-ch Previa-B"]
[Site "Madrid"]
[Date "2025.02.14"]
[Round "5.5"]
[White "Cabanas Bravo, Juan Andres"]
[Black "Garcia Tanjala, Marko"]
[Result "1-0"]
[WhiteElo "1931"]
[BlackElo "1822"]
[PlyCount "65"]
[GameId "2145406072258751"]
[EventDate "2025.01.30"]
[EventType "swiss"]
[EventRounds "9"]
[EventCountry "ESP"]

1. e4 c5 2. Nf3 d6 3. d4 cxd4 4. Nxd4 Nf6 5. Nc3 a6 6. Bg5 e6 7. f4 Be7 8. Qf3 Nc6 9. O-O-O Qb6 10. Nb3 Bd7 11. g3 O-O-O 12. Bxf6 gxf6 13. Qh5 Rdf8 14. Bh3 Qe3+ 15. Kb1 Kc7 16. Rhe1 Qb6 17. Nd5+ exd5 18. exd5 Bd8 19. Bxd7 Kxd7 20. dxc6+ bxc6 21. Nc5+ Kc7 22. Ne4 d5 23. Nc3 Kb7 24. Rd3 Qc7 25. Na4 Be7 26. Rb3+ Ka7 27. Qe2 Re8 28. Re3 Qa5 29. Rxe7+ Rxe7 30. Qxe7+ Ka8 31. b3 Rb8 32. Nc5 Qa3 33. Qd6 1-0

[Event "Madrid-ch Previa-B"]
[Site "Madrid"]
[Date "2025.02.14"]
[Round "5.6"]
[White "Godoy Herrera, Carlos"]
[Black "De Vicente Guijarro, Juan"]
[Result "1/2-1/2"]
[WhiteElo "1806"]
[BlackElo "1922"]
[PlyCount "53"]
[GameId "2145407574479054"]
[EventDate "2025.01.30"]
[EventType "swiss"]
[EventRounds "9"]
[EventCountry "ESP"]

1. b3 d5 2. Bb2 Nf6 3. e3 g6 4. f4 Bg7 5. Nf3 O-O 6. d4 c5 7. Bd3 Nc6 8. O-O b6 9. Qe1 Nb4 10. Ne5 Ne8 11. a3 Nxd3 12. Nxd3 Nd6 13. Nd2 Bf5 14. Qe2 Qc8 15. Nf3 Ne4 16. dxc5 Bxb2 17. Nxb2 Qxc5 18. c4 dxc4 19. b4 Qc7 20. Qxc4 Rac8 21. Rac1 Qxc4 22. Nxc4 Rc7 23. Ncd2 Rfc8 24. Nb3 Rxc1 25. Rxc1 Rxc1+ 26. Nxc1 Nc3 27. Nd4 1/2-1/2

[Event "Madrid-ch Previa-B"]
[Site "Madrid"]
[Date "2025.02.14"]
[Round "5.7"]
[White "Clavero Alarcon, Jose Miguel"]
[Black "Cardena Contreras, Javier"]
[Result "0-1"]
[WhiteElo "1822"]
[BlackElo "1883"]
[PlyCount "86"]
[GameId "2145408313667807"]
[EventDate "2025.01.30"]
[EventType "swiss"]
[EventRounds "9"]
[EventCountry "ESP"]

1. e4 c5 2. Nf3 Nf6 3. Nc3 d5 4. e5 Nfd7 5. e6 fxe6 6. d4 cxd4 7. Nxd4 Nf6 8. Bb5+ Kf7 9. f4 a6 10. Ba4 Qd6 11. g4 e5 12. Nf5 Bxf5 13. gxf5 Nc6 14. Nxd5 Nxd5 15. Bb3 Rd8 16. c4 Nd4 17. cxd5 Nxb3 18. Qxb3 exf4 19. O-O g5 20. fxg6+ Qxg6+ 21. Kf2 Rg8 22. Bxf4 Qe4 23. Bg3 Bg7 24. d6+ Kg6 25. Kg1 Bd4+ 26. Rf2 Bxf2+ 27. Kxf2 Rgf8+ 28. Kg1 exd6 29. Re1 Qd4+ 30. Kh1 Rde8 31. Re6+ Rxe6 32. Qxe6+ Rf6 33. Qg8+ Kh6 34. h4 Qe4+ 35. Kh2 Qe2+ 36. Kh3 Qe6+ 37. Qg4 Qxg4+ 38. Kxg4 d5 39. h5 d4 40. Be5 Re6 41. Bc7 d3 42. Ba5 Re2 43. Bb4 Re4+ 0-1

[Event "Madrid-ch Previa-B"]
[Site "Madrid"]
[Date "2025.02.14"]
[Round "5.8"]
[White "Jolani, Parnian"]
[Black "Baeza Escudero, Javier"]
[Result "0-1"]
[WhiteElo "1847"]
[BlackElo "1974"]
[PlyCount "84"]
[GameId "2145417163507069"]
[EventDate "2025.01.30"]
[EventType "swiss"]
[EventRounds "9"]
[EventCountry "ESP"]

1. Nf3 d5 2. d4 Nf6 3. c4 c6 4. Nc3 dxc4 5. a4 Bf5 6. e3 e6 7. Bxc4 Bb4 8. O-O O-O 9. Qe2 h6 10. Rd1 Qe7 11. e4 Bg4 12. h3 Bh5 13. d5 Bxc3 14. d6 Qd8 15. bxc3 Nbd7 16. Ba3 Qa5 17. Bb4 Bxf3 18. Qxf3 Qe5 19. Re1 c5 20. Ba3 Qxd6 21. Rad1 Qe5 22. Qe3 Nb6 23. f4 Qc7 24. Bb3 Rac8 25. a5 Nbd7 26. e5 Nh7 27. f5 Rfe8 28. Bc1 c4 29. Ba4 Red8 30. fxe6 fxe6 31. Rd6 Nc5 32. Rxd8+ Rxd8 33. Bc2 Nd3 34. Bxd3 cxd3 35. Rd1 Qxc3 36. Qxa7 d2 37. Bxd2 Rxd2 38. Rxd2 Qxd2 39. Qb8+ Nf8 40. Qc7 Qb4 41. Kf2 Kh7 42. Kg3 Ng6 0-1

[Event "Madrid-ch Previa-B"]
[Site "Madrid"]
[Date "2025.02.14"]
[Round "5.9"]
[White "Liern Matesanz, Jairo"]
[Black "Fernandez Rodriguez, Juan"]
[Result "1-0"]
[WhiteElo "1923"]
[BlackElo "1818"]
[PlyCount "63"]
[GameId "2145418164811148"]
[EventDate "2025.01.30"]
[EventType "swiss"]
[EventRounds "9"]
[EventCountry "ESP"]

1. d4 d5 2. c4 c6 3. Nc3 Nf6 4. e3 e6 5. Nf3 Nbd7 6. Qc2 Bd6 7. Bd3 b6 8. e4 dxe4 9. Nxe4 Bb4+ 10. Bd2 Bxd2+ 11. Nfxd2 Qc7 12. c5 O-O 13. Nxf6+ Nxf6 14. O-O-O Qf4 15. Kb1 Qxd4 16. Nb3 Qa4 17. g4 Ba6 18. g5 Bxd3 19. Rxd3 Nh5 20. Rd4 Qb5 21. Rhd1 bxc5 22. Nxc5 Qa5 23. b4 Qc7 24. Rh4 g6 25. Ne4 Qe5 26. Rxh5 f5 27. Nf6+ Rxf6 28. gxf6 gxh5 29. Qxc6 Rf8 30. Qg2+ Kf7 31. Qg7+ Ke8 32. Qd7# 1-0

[Event "Madrid-ch Previa-B"]
[Site "Madrid"]
[Date "2025.02.14"]
[Round "5.10"]
[White "Metola Arias, Mario"]
[Black "Martin Cantizano, David"]
[Result "0-1"]
[WhiteElo "1799"]
[BlackElo "1900"]
[PlyCount "112"]
[GameId "2145419016185243"]
[EventDate "2025.01.30"]
[EventType "swiss"]
[EventRounds "9"]
[EventCountry "ESP"]

1. e4 e5 2. Nf3 Nc6 3. Bb5 a6 4. Ba4 f5 5. d3 fxe4 6. dxe4 Nf6 7. O-O d6 8. Re1 b5 9. Bb3 Na5 10. Nc3 Nxb3 11. axb3 c6 12. Bg5 h6 13. Bh4 Bg4 14. h3 Be6 15. Qd2 Be7 16. Rad1 g5 17. Bg3 g4 18. Nh4 gxh3 19. Ng6 Rh7 20. Nxe7 Kxe7 21. Bh4 hxg2 22. Bxf6+ Kxf6 23. Qxd6 Qxd6 24. Rxd6 Rc8 25. Kxg2 Rd7 26. Rxd7 Bxd7 27. Rd1 Rg8+ 28. Kh2 Ke7 29. b4 h5 30. Rd3 Rf8 31. Nd1 Bg4 32. Kg3 Bxd1 33. Rxd1 h4+ 34. Kxh4 Rxf2 35. Ra1 Rf4+ 36. Kg3 Rxe4 37. c3 Re2 38. Rxa6 Kd6 39. Ra2 e4 40. Kf4 Kd5 41. Ra8 Rxb2 42. Rd8+ Kc4 43. Kxe4 Re2+ 44. Kf3 Re6 45. Rd4+ Kxc3 46. Rg4 Rd6 47. Ke3 Rd3+ 48. Ke2 Rd4 49. Rg1 Kxb4 50. Ke3 Rd5 51. Rb1+ Kc5 52. Rc1+ Kb6 53. Ke4 b4 54. Rc4 Kb5 55. Rc1 Rd7 56. Ke3 c5 0-1

[Event "Madrid-ch Previa-B"]
[Site "Madrid"]
[Date "2025.02.14"]
[Round "5.11"]
[White "Gomez Lorenzo, Alvaro 2012"]
[Black "Pena Hernandez, Francisco Javier"]
[Result "0-1"]
[WhiteElo "1483"]
[BlackElo "1899"]
[PlyCount "82"]
[GameId "2145420227806634"]
[EventDate "2025.01.30"]
[EventType "swiss"]
[EventRounds "9"]
[EventCountry "ESP"]

1. e4 c5 2. Nf3 Nc6 3. d4 cxd4 4. Nxd4 Nf6 5. Nc3 g6 6. Nxc6 bxc6 7. e5 Nh5 8. g4 Ng7 9. Bc4 d5 10. exd6 exd6 11. Qe2+ Qe7 12. Qxe7+ Bxe7 13. Bh6 O-O 14. h3 d5 15. Bb3 Bb4 16. O-O Ba6 17. Rfd1 Rfe8 18. a3 Ba5 19. Bxg7 Kxg7 20. Na4 Be2 21. Rd4 Re5 22. Rf4 Rae8 23. Nc5 g5 24. Ra4 Bc7 25. Nd3 R5e7 26. Ba2 Bb6 27. Re1 Bxd3 28. Rxe7 Rxe7 29. cxd3 Re2 30. Rb4 Bc5 31. Kf1 Rxf2+ 32. Ke1 Rh2 33. Rb7 Rxh3 34. Ke2 Rh2+ 35. Kd1 Bb6 36. Rb8 Rxb2 37. Bxd5 cxd5 38. Re8 h6 39. Re5 d4 40. a4 Ra2 41. a5 Rxa5 0-1

[Event "Madrid-ch Previa-B"]
[Site "Madrid"]
[Date "2025.02.14"]
[Round "5.12"]
[White "Mata Medina, Andres"]
[Black "Quiroga Andres, Carlos"]
[Result "1-0"]
[WhiteElo "1871"]
[BlackElo "1841"]
[PlyCount "79"]
[GameId "2145421327127995"]
[EventDate "2025.01.30"]
[EventType "swiss"]
[EventRounds "9"]
[EventCountry "ESP"]

1. d4 Nf6 2. c4 g6 3. Nc3 Bg7 4. e4 d6 5. Be2 O-O 6. Be3 Nbd7 7. Nf3 Ng4 8. Bg5 c5 9. O-O cxd4 10. Nxd4 Ngf6 11. Kh1 h6 12. Be3 a6 13. f4 Qc7 14. Rc1 e6 15. b4 b6 16. Bd3 Bb7 17. Qf3 Rac8 18. Qh3 e5 19. Nb3 Rfe8 20. f5 g5 21. Rfd1 Bf8 22. a3 Qb8 23. Nd2 Qa8 24. Qf3 Bc6 25. a4 Bb7 26. h3 Red8 27. Qf2 a5 28. b5 Nc5 29. Bxc5 dxc5 30. Nd5 Bxd5 31. exd5 Re8 32. Ne4 Nxe4 33. Bxe4 Qb8 34. f6 Be7 35. fxe7 Rxe7 36. Qf5 Ra7 37. d6 Kf8 38. Qf6 Ke8 39. Qh8+ Kd7 40. Bf5# 1-0

[Event "Madrid-ch Previa-B"]
[Site "Madrid"]
[Date "2025.02.14"]
[Round "5.13"]
[White "Del Castillo Izquierdo, Jose"]
[Black "San Vicente Crespo, Pablo"]
[Result "1/2-1/2"]
[WhiteElo "1867"]
[BlackElo "1812"]
[PlyCount "133"]
[GameId "2145422461081034"]
[EventDate "2025.01.30"]
[EventType "swiss"]
[EventRounds "9"]
[EventCountry "ESP"]

1. d4 d5 2. c4 e6 3. Nf3 Nf6 4. Nc3 Be7 5. Bf4 b6 6. e3 Bb7 7. Qc2 O-O 8. Ne5 Nbd7 9. Bd3 h6 10. f3 Nxe5 11. Bxe5 c5 12. Rd1 Nd7 13. Bf4 cxd4 14. exd4 dxc4 15. Bxc4 Nf6 16. O-O Nd5 17. Bd2 Nb4 18. Qb3 Qxd4+ 19. Kh1 Qh4 20. Be1 Qf6 21. Ne4 Bxe4 22. fxe4 Qe5 23. Bxb4 Bxb4 24. Qxb4 Qxe4 25. Qb3 Rac8 26. Ba6 Rc2 27. Rf3 Qc6 28. Bb5 Qc5 29. Rff1 h5 30. Bd3 Rf2 31. Rxf2 Qxf2 32. Rf1 Qd2 33. Qc2 Qe3 34. Qe2 Qg5 35. Qe4 Rd8 36. h4 Qg3 37. Rf3 Qg4 38. Qxg4 hxg4 39. Re3 Rd6 40. Bc4 Rd4 41. b3 Kf8 42. Kh2 Rd2 43. a4 Ke7 44. Kg3 Kf6 45. Rd3 Rc2 46. Rd4 e5 47. Rd7 e4 48. Rxf7+ Ke5 49. Rxg7 e3 50. h5 Kf6 51. Rf7+ Kg5 52. Rg7+ Kxh5 53. Rxg4 Rxg2+ 54. Kh3 Rxg4 55. Be2 Kg5 56. Bxg4 Kf4 57. Be2 Ke4 58. Kg2 Kd4 59. Kf3 Kc3 60. Bc4 Kd2 61. Ba6 Kc3 62. Bc4 Kd2 63. Bb5 Kc3 64. Kxe3 Kxb3 65. Kd4 a6 66. Bd7 Kb4 67. Kd3 1/2-1/2

[Event "Madrid-ch Previa-B"]
[Site "Madrid"]
[Date "2025.02.14"]
[Round "5.14"]
[White "Blanco Barrios, Aitana"]
[Black "Huerta Marroquin, Borja"]
[Result "0-1"]
[WhiteElo "1850"]
[BlackElo "1596"]
[PlyCount "56"]
[GameId "2145424609744345"]
[EventDate "2025.01.30"]
[EventType "swiss"]
[EventRounds "9"]
[EventCountry "ESP"]

1. e4 e6 2. d4 d5 3. Nc3 Nf6 4. e5 Nfd7 5. f4 c5 6. Nf3 Be7 7. Be2 cxd4 8. Nxd4 a6 9. O-O Nc6 10. Be3 O-O 11. Rf3 Nxd4 12. Bxd4 f6 13. Rh3 fxe5 14. fxe5 Rf4 15. g3 Rxd4 16. Qf1 Bc5 17. Kh1 Nxe5 18. Rh5 Qf6 19. Qh3 Nf7 20. Rf1 Ng5 21. Qg2 Qg6 22. h4 Ne4 23. g4 Bd7 24. Bd3 Rf8 25. Rxf8+ Kxf8 26. Rg5 Qf6 27. Rh5 Nf2+ 28. Kh2 Rxg4 0-1

[Event "Madrid-ch Previa-B"]
[Site "Madrid"]
[Date "2025.02.14"]
[Round "5.16"]
[White "Fernandez Kalinov, Rodrigo"]
[Black "Garcia Chacon, David"]
[Result "1-0"]
[WhiteElo "1715"]
[BlackElo "1890"]
[PlyCount "97"]
[GameId "2145566790574173"]
[EventDate "2025.01.30"]
[EventType "swiss"]
[EventRounds "9"]
[EventCountry "ESP"]

1. e4 c5 2. Nf3 Nc6 3. d4 cxd4 4. Nxd4 g6 5. c4 Nf6 6. Nc3 Nxd4 7. Qxd4 d6 8. Be3 Bg7 9. Be2 O-O 10. Qd2 Bd7 11. O-O Bc6 12. f3 a5 13. Rac1 a4 14. a3 Nd7 15. Nd5 Nc5 16. Qb4 Nb3 17. Bb6 Qd7 18. Rb1 Ra6 19. Rfd1 Rc8 20. Rd3 Bxd5 21. cxd5 Nc1 22. Rd2 Na2 23. Bb5 Nxb4 24. Bxd7 Rc2 25. Be3 Rc7 26. Bb5 Ra5 27. Bb6 Rxb5 28. Bxc7 Na6 29. Bd8 Kf8 30. Rc1 Ke8 31. Rc8 Kd7 32. Ra8 Bxb2 33. Ba5 Rxa5 34. Rxb2 Kc7 35. Re8 Kd7 36. Rf8 f6 37. Rxb7+ Nc7 38. Rbb8 Nb5 39. Rb7+ Nc7 40. Rg8 Rb5 41. Ra7 Rb3 42. Rxa4 f5 43. Rg7 fxe4 44. fxe4 Nb5 45. Rxh7 Rxa3 46. Rxa3 Nxa3 47. Rg7 Nb1 48. Rxg6 Nc3 49. Rg4 1-0

[Event "Madrid-ch Previa-B"]
[Site "Madrid"]
[Date "2025.02.14"]
[Round "5.18"]
[White "Rodriguez Torrejon, Alberto"]
[Black "Corral Aragon, Juan Maria"]
[Result "1-0"]
[WhiteElo "1630"]
[BlackElo "1861"]
[PlyCount "61"]
[GameId "2145654826860719"]
[EventDate "2025.01.30"]
[EventType "swiss"]
[EventRounds "9"]
[EventCountry "ESP"]

1. e4 c6 2. d4 d5 3. e5 Bf5 4. h4 h5 5. Bd3 Bxd3 6. Qxd3 e6 7. Nf3 Ne7 8. O-O Nf5 9. Bg5 Qb6 10. Nbd2 c5 11. c4 Qa6 12. Qc2 Nc6 13. cxd5 Ncxd4 14. Qe4 Be7 15. Nxd4 Bxg5 16. Nxf5 exf5 17. Qc2 Bxh4 18. Qxc5 Qb6 19. Qxb6 axb6 20. Nc4 O-O 21. Nxb6 Ra6 22. Nc4 b5 23. Nd6 f4 24. Nxb5 Ra5 25. a4 f5 26. e6 Rd8 27. d6 Rda8 28. Rfe1 Bf6 29. Nc7 Bxb2 30. Rab1 Bf6 31. Rb7 1-0

[Event "Madrid-ch Previa-B"]
[Site "Madrid"]
[Date "2025.02.14"]
[Round "5.19"]
[White "Arce Balluerca, Oscar"]
[Black "Castro Uceda, Jose Antonio"]
[Result "1-0"]
[WhiteElo "1842"]
[BlackElo "1637"]
[PlyCount "65"]
[GameId "2145657382764763"]
[EventDate "2025.01.30"]
[EventType "swiss"]
[EventRounds "9"]
[EventCountry "ESP"]

1. e4 c5 2. c3 e6 3. d4 cxd4 4. cxd4 d6 5. Nc3 a6 6. f4 Nf6 7. Nf3 d5 8. e5 Nfd7 9. Bd3 Be7 10. O-O Nc6 11. Be3 Nf8 12. Rc1 Ng6 13. g4 f6 14. f5 Nf8 15. a3 fxe5 16. Nxe5 Nxe5 17. dxe5 d4 18. Qa4+ b5 19. Qxd4 Qxd4 20. Bxd4 Bb7 21. f6 gxf6 22. exf6 Bd6 23. f7+ Ke7 24. Bxh8 Ng6 25. Bg7 Bc5+ 26. Rf2 Nf4 27. f8=Q+ Rxf8 28. Bxf8+ Kxf8 29. Bf1 Kg7 30. Ne4 Bb6 31. Nc5 Bxc5 32. Rxc5 Nd5 33. Bg2 1-0

[Event "Madrid-ch Previa-B"]
[Site "Madrid"]
[Date "2025.02.14"]
[Round "5.20"]
[White "Garcia Gonzalez, Angela"]
[Black "Bastos Perez Cuadrado, Carlos"]
[Result "0-1"]
[WhiteElo "1617"]
[BlackElo "1822"]
[PlyCount "53"]
[GameId "2145671293608175"]
[EventDate "2025.01.30"]
[EventType "swiss"]
[EventRounds "9"]
[EventCountry "ESP"]

1. e4 c5 2. Nf3 d6 3. Be2 Nf6 4. c3 g6 5. e5 dxe5 6. Nxe5 Bg7 7. d4 cxd4 8. cxd4 Nbd7 9. Qa4 O-O 10. Nc3 Nb6 11. Qd1 Be6 12. Bf4 Nbd5 13. Qd2 Nxf4 14. Qxf4 Rc8 15. Bf3 Nd5 16. Nxd5 Bxd5 17. Bxd5 Qxd5 18. O-O Rfd8 19. Rfe1 Rc2 20. b3 Qxd4 21. Qxf7+ Kh8 22. Nd7 Qxd7 23. Rxe7 Qd1+ 24. Re1 Bxa1 25. Qe7 Re2 26. Qxe2 Qxe2 27. Rxe2 0-1

[Event "Madrid-ch Previa-B"]
[Site "Madrid"]
[Date "2025.02.14"]
[Round "5.23"]
[White "Neill, Christopher John"]
[Black "Caballero Sanchez, Francisco"]
[Result "1-0"]
[WhiteElo "1557"]
[BlackElo "1775"]
[PlyCount "75"]
[GameId "2145678309446002"]
[EventDate "2025.01.30"]
[EventType "swiss"]
[EventRounds "9"]
[EventCountry "ESP"]

1. Nf3 d5 2. e3 Nf6 3. c4 e6 4. d4 Be7 5. Bd3 dxc4 6. Bxc4 Nbd7 7. Nc3 b6 8. d5 e5 9. e4 a6 10. Bb3 Bd6 11. Bg5 Qe7 12. Rc1 h6 13. Be3 Bb4 14. Qd3 Bb7 15. O-O O-O 16. Ne2 Nc5 17. Bxc5 Bxc5 18. Ng3 c6 19. Nf5 Qe8 20. N3h4 cxd5 21. Qg3 g6 22. Nxh6+ Kh7 23. Ng4 Nxe4 24. Qh3 Ng5 25. Nf6+ Kh8 26. Nxg6+ Kg7 27. Nxe8+ Kxg6 28. Qg4 Rfxe8 29. h4 f6 30. Bc2+ e4 31. h5+ Kg7 32. Qf5 Rf8 33. Qg6+ Kh8 34. h6 Rf7 35. Rcd1 Raf8 36. Bb3 Rd7 37. Bxd5 Rxd5 38. Qg7# 1-0

[Event "Madrid-ch Previa-B"]
[Site "Madrid"]
[Date "2025.02.14"]
[Round "5.24"]
[White "Castro Contreras, Bruno"]
[Black "De Juan Huarte, Federico"]
[Result "1-0"]
[WhiteElo "1731"]
[BlackElo "1636"]
[PlyCount "51"]
[GameId "2145688103211396"]
[EventDate "2025.01.30"]
[EventType "swiss"]
[EventRounds "9"]
[EventCountry "ESP"]

1. e4 c5 2. Nf3 g6 3. d4 cxd4 4. Nxd4 Bg7 5. Nc3 Nc6 6. Be3 d6 7. Qd2 Nf6 8. f3 O-O 9. O-O-O a6 10. g4 Ne5 11. h4 h5 12. gxh5 Nxh5 13. Rg1 b5 14. Kb1 Nc4 15. Bxc4 bxc4 16. Rg5 Bd7 17. Rxh5 Rb8 18. Bh6 Rxb2+ 19. Kxb2 Qb6+ 20. Nb3 cxb3 21. axb3 f6 22. Bxg7 Kxg7 23. Nd5 Qd8 24. Qh6+ Kf7 25. Qh7+ Ke8 26. Qxg6+ 1-0

[Event "Madrid-ch Previa-B"]
[Site "Madrid"]
[Date "2025.02.14"]
[Round "5.25"]
[White "Quiros Florea, Rafael Santiago"]
[Black "Pareja Cerrato, Antonio"]
[Result "1-0"]
[WhiteElo "1660"]
[BlackElo "1624"]
[PlyCount "77"]
[GameId "2145689269977491"]
[EventDate "2025.01.30"]
[EventType "swiss"]
[EventRounds "9"]
[EventCountry "ESP"]

1. d4 d5 2. c4 e6 3. Nc3 Nf6 4. cxd5 Nxd5 5. e4 Nxc3 6. bxc3 c5 7. d5 e5 8. Nf3 Bd6 9. Bb5+ Bd7 10. Rb1 O-O 11. Bxd7 Qxd7 12. O-O b5 13. Be3 a6 14. a4 bxa4 15. Ra1 Qa7 16. Qxa4 Qd7 17. Rfb1 Qc7 18. Nd2 Nd7 19. Qa5 Qxa5 20. Rxa5 Bc7 21. Ra2 a5 22. Rb7 Rfc8 23. d6 Rab8 24. Rxc7 Rd8 25. Rxa5 Nf6 26. f3 Rxd6 27. Raxc5 Rf8 28. Rxe5 h6 29. Bc5 Rxd2 30. Bxf8 Nd7 31. Re8 Nf6 32. Rb8 Nd7 33. Rd8 Nxf8 34. Rxd2 Ne6 35. Rc8+ Kh7 36. c4 Kg6 37. c5 Kf6 38. Rc6 Ke7 39. Rxe6+ 1-0

[Event "Madrid-ch Previa-B"]
[Site "Madrid"]
[Date "2025.02.14"]
[Round "5.26"]
[White "Fernandez Rodriguez, Diego"]
[Black "Gallardo Moreno, Alberto"]
[Result "0-1"]
[WhiteElo "1614"]
[BlackElo "1656"]
[PlyCount "74"]
[GameId "2145828795084937"]
[EventDate "2025.01.30"]
[EventType "swiss"]
[EventRounds "9"]
[EventCountry "ESP"]

1. d4 d5 2. Nc3 e6 3. Bf4 c6 4. e3 Nf6 5. Bd3 Bd6 6. Nce2 O-O 7. Nf3 b6 8. c3 Ba6 9. Bxa6 Nxa6 10. Qa4 Nb8 11. O-O Bxf4 12. Nxf4 Qc7 13. Nd3 Nbd7 14. Nfe5 Nxe5 15. Nxe5 c5 16. Rac1 Rfc8 17. Qd1 Nd7 18. Nxd7 Qxd7 19. b3 c4 20. b4 a5 21. Rb1 axb4 22. Rxb4 Rxa2 23. Qb1 Rca8 24. Rxb6 g6 25. Rb7 Qa4 26. Rb8+ Kg7 27. Rxa8 Qxa8 28. e4 Qa3 29. exd5 exd5 30. Qb8 Qe7 31. Rc1 Qe2 32. Qg3 Rc2 33. Qf4 Rxc3 34. h3 Rxc1+ 35. Qxc1 Qd3 36. Qf4 Qd1+ 37. Kh2 Qe1 0-1

[Event "Madrid-ch Previa-B"]
[Site "Madrid"]
[Date "2025.02.15"]
[Round "6.1"]
[White "Galarreta Santana, Javier"]
[Black "Calderon Rojo, Borja"]
[Result "1-0"]
[WhiteElo "1865"]
[BlackElo "1887"]
[PlyCount "91"]
[GameId "2145637293519127"]
[EventDate "2025.01.30"]
[EventType "swiss"]
[EventRounds "9"]
[EventCountry "ESP"]

1. d4 Nf6 2. c4 e6 3. Nf3 Bb4+ 4. Bd2 Bxd2+ 5. Nbxd2 d6 6. Qc2 Nbd7 7. e4 e5 8. Be2 O-O 9. O-O Re8 10. c5 dxc5 11. dxc5 c6 12. b4 Qc7 13. Nc4 Nf8 14. Nd6 Re7 15. Nd2 Ne6 16. Bc4 Nd4 17. Qd3 Be6 18. f4 Bxc4 19. N2xc4 Ne6 20. fxe5 Nd7 21. Qg3 b6 22. Nf5 Rae8 23. Ncd6 Kf8 24. Qh4 Nxe5 25. Qxh7 Ng6 26. Nxe7 Rxe7 27. Qxg6 Kg8 28. Qf5 g6 29. Qf6 Ng7 30. Rad1 Nh5 31. Qg5 bxc5 32. bxc5 Ng7 33. Qd2 Ne6 34. Qc3 a5 35. Rf6 Nd8 36. Rdf1 Qd7 37. Qxa5 Kg7 38. Qc3 Kg8 39. Qg3 Qa7 40. Qf2 Qd7 41. Nxf7 Ne6 42. Rxg6+ Ng7 43. Rd6 Qg4 44. Rd8+ Kh7 45. Rh8+ Kg6 46. Rh6# 1-0

[Event "Madrid-ch Previa-B"]
[Site "Madrid"]
[Date "2025.02.15"]
[Round "6.2"]
[White "Lorenzo Martin, Hector"]
[Black "Palomo Monserrat, Lorenzo"]
[Result "1-0"]
[WhiteElo "1981"]
[BlackElo "1949"]
[PlyCount "79"]
[GameId "2145639171490085"]
[EventDate "2025.01.30"]
[EventType "swiss"]
[EventRounds "9"]
[EventCountry "ESP"]

1. c4 e5 2. Nc3 Nc6 3. g3 g6 4. Bg2 Bg7 5. e4 d6 6. Nge2 Nge7 7. d3 O-O 8. O-O a5 9. h3 Be6 10. Nd5 Qd7 11. Kh2 f5 12. Bg5 h6 13. Bxe7 Nxe7 14. Nxe7+ Qxe7 15. exf5 gxf5 16. f4 c6 17. Rc1 Kh7 18. Qc2 Rad8 19. Rce1 Rg8 20. fxe5 dxe5 21. d4 Qg5 22. h4 Qg6 23. Bh3 Rdf8 24. Rf3 e4 25. Nf4 Qf6 26. Nxe6 Qxe6 27. Rxe4 Qd6 28. Rxf5 Bxd4 29. Rg4 Kh8 30. Rxf8 Rxf8 31. Bg2 Qe5 32. Qg6 Qf6 33. Qh5 Rg8 34. Rf4 Qg7 35. Rf3 Be5 36. Kh1 Rd8 37. Rf7 Rd1+ 38. Bf1 Rxf1+ 39. Rxf1 Qxg3 40. Qxh6+ 1-0

[Event "Madrid-ch Previa-B"]
[Site "Madrid"]
[Date "2025.02.15"]
[Round "6.3"]
[White "Cardena Contreras, Javier"]
[Black "Tereso Martin, Antonio"]
[Result "1-0"]
[WhiteElo "1883"]
[BlackElo "1962"]
[PlyCount "59"]
[GameId "2146915785662613"]
[EventDate "2025.01.30"]
[EventType "swiss"]
[EventRounds "9"]
[EventCountry "ESP"]

1. e4 d6 2. d4 Nf6 3. Nc3 c6 4. f3 Nbd7 5. Be3 e5 6. Qd2 Be7 7. O-O-O O-O 8. g4 b5 9. g5 Nh5 10. Nce2 Nb6 11. b3 Be6 12. f4 exf4 13. Nxf4 Nxf4 14. Bxf4 d5 15. e5 a5 16. h4 Ba3+ 17. Kb1 Qe7 18. h5 Nc4 19. Bxc4 bxc4 20. g6 fxg6 21. hxg6 hxg6 22. Nf3 Rf5 23. Ng5 Bb4 24. Qh2 Rxg5 25. Bxg5 Qb7 26. Rdf1 Bf5 27. Qh7+ Kf7 28. Rxf5+ gxf5 29. Qxf5+ Ke8 30. Rh8+ 1-0

[Event "Madrid-ch Previa-B"]
[Site "Madrid"]
[Date "2025.02.15"]
[Round "6.4"]
[White "Baeza Escudero, Javier"]
[Black "Cabanas Bravo, Juan Andres"]
[Result "1-0"]
[WhiteElo "1974"]
[BlackElo "1931"]
[PlyCount "87"]
[GameId "2146917384650936"]
[EventDate "2025.01.30"]
[EventType "swiss"]
[EventRounds "9"]
[EventCountry "ESP"]

1. e4 e5 2. Nf3 Nc6 3. Bb5 a6 4. Ba4 Nf6 5. d4 Nxe4 6. Qe2 f5 7. d5 Ne7 8. Nxe5 Nxd5 9. Qh5+ g6 10. Nxg6 Nef6 11. Qxf5 b5 12. Qe5+ Be7 13. Nxh8 bxa4 14. O-O d6 15. Qg3 Be6 16. Re1 Qd7 17. c4 Nb6 18. c5 dxc5 19. Nc3 Bd6 20. Qh4 Be7 21. Bg5 Ng8 22. Rad1 Bxg5 23. Qxg5 Qe7 24. Qe5 Nc4 25. Qh5+ Kf8 26. Qf3+ Kg7 27. Qxa8 Nxb2 28. Rd2 Qf6 29. Nd5 Qg5 30. Ne3 a3 31. Qc6 Bxa2 32. Qxc7+ Kxh8 33. Rd7 Nf6 34. Rd8+ Bg8 35. Qb8 h5 36. Ra1 Qg6 37. Qe5 Nd3 38. Rxd3 a2 39. Nf5 Kh7 40. Rd6 Ng4 41. Qe7+ Qf7 42. Qg5 Kh8 43. h3 Ne5 44. Qh6+ 1-0

[Event "Madrid-ch Previa-B"]
[Site "Madrid"]
[Date "2025.02.15"]
[Round "6.5"]
[White "Pena Hernandez, Francisco Javier"]
[Black "Liern Matesanz, Jairo"]
[Result "0-1"]
[WhiteElo "1899"]
[BlackElo "1923"]
[PlyCount "86"]
[GameId "2145627976630491"]
[EventDate "2025.01.30"]
[EventType "swiss"]
[EventRounds "9"]
[EventCountry "ESP"]

1. d4 Nf6 2. c4 e6 3. Nf3 b6 4. Nc3 Bb4 5. Bd2 Bb7 6. e3 O-O 7. a3 Bxc3 8. Bxc3 Ne4 9. Rc1 d6 10. Be2 Nd7 11. O-O f5 12. Be1 Rf6 13. Nd2 Rg6 14. Nxe4 Bxe4 15. Bf3 Qg5 16. Bxe4 fxe4 17. g3 Rh6 18. Bd2 Nf6 19. f4 Qf5 20. Rf2 Ng4 21. Rg2 e5 22. Qe2 exd4 23. exd4 Re8 24. Bc3 e3 25. d5 Nf2 26. Kf1 Nd3 27. Rd1 Nc5 28. Bd4 Qe4 29. Bxc5 dxc5 30. Kg1 Rd6 31. Re1 c6 32. dxc6 Rd2 33. Qf1 e2 34. Qf2 Rd1 35. Kh1 Qxc6 36. h4 Qe4 37. Kh2 Rxe1 38. Qxe1 Qxc4 39. b3 Qc2 40. Rg1 Qxb3 41. Qd2 Qe3 42. Qe1 c4 43. Rg2 c3 0-1

[Event "Madrid-ch Previa-B"]
[Site "Madrid"]
[Date "2025.02.15"]
[Round "6.6"]
[White "De Vicente Guijarro, Juan"]
[Black "Mata Medina, Andres"]
[Result "1/2-1/2"]
[WhiteElo "1922"]
[BlackElo "1871"]
[PlyCount "75"]
[GameId "2146919499337929"]
[EventDate "2025.01.30"]
[EventType "swiss"]
[EventRounds "9"]
[EventCountry "ESP"]

1. e4 c5 2. Nf3 a6 3. Be2 d6 4. d4 cxd4 5. Nxd4 Nf6 6. Nc3 g6 7. O-O Bg7 8. Re1 O-O 9. h3 b5 10. Bf3 Bb7 11. e5 dxe5 12. Bxb7 Ra7 13. Ne6 fxe6 14. Qxd8 Rxd8 15. Bf3 Nd5 16. Ne4 Nd7 17. Bg4 Nf8 18. Bd2 Rc8 19. Rac1 Nf6 20. Bf3 Rac7 21. c3 N8d7 22. Rcd1 Nxe4 23. Bxe4 Nf6 24. Bc2 Nd5 25. Bb3 Kf7 26. Bc1 Rc5 27. Be3 Nxe3 28. Rxe3 R8c6 29. Red3 Bf6 30. f3 h5 31. Kf2 Bg5 32. g3 h4 33. g4 Bf4 34. Ke2 g5 35. Rd8 Rc8 36. R8d7 R8c7 37. Rd8 Rc8 38. R8d7 1/2-1/2